Trnavská bomba na Letnej 1. futbalová liga - 8. kolo ; Zdeněk Kovář, Jaroslav Hrubý, Peter Šurin, Josef Hašana, Milan Ortman, Jaroslav Kirchner, Pavel Kršek

Bibliographic Details
Main Authors: Kovář, Zdeněk (Author), Hrubý, Jaroslav (Author), Šurin, Peter (Author), Hašana, Josef (Author), Ortman, Milan (Author), Kirchner, Jaroslav (Author), Kršek, Pavel (Author)
Format: Article
Language:Slovak
PhysicalDescription:Obr. 1.
Subjects:

MARC

LEADER 00000nab a2200000 a 4500
001 vtls000466552
003 SK-MaSNL
005 20260303001137.0
008 120926c1992 xo 0 slo
015 |a SNBRB19rr/mm-uuuuu 
035 |a CL0466685 
040 |a SNKBUCL  |b slo  |c SNKBUCL  |e AACR2 
041 0 |a slo 
044 |a xo  |c SK 
080 |a 796.332.093.1(437)  |2 1981 
245 0 0 |a Trnavská bomba na Letnej  |b 1. futbalová liga - 8. kolo ; Zdeněk Kovář, Jaroslav Hrubý, Peter Šurin, Josef Hašana, Milan Ortman, Jaroslav Kirchner, Pavel Kršek 
300 |b Obr. 1. 
650 0 7 |a futbal  |2 snkbucl  |9 3291 
655 7 |a články z novín a časopisov  |2 snkbucl  |9 267496 
700 1 |a Kovář, Zdeněk  |4 aut  |9 266642 
700 1 |a Hrubý, Jaroslav  |4 aut  |9 308068 
700 1 |a Šurin, Peter  |4 aut  |9 571511 
700 1 |a Hašana, Josef  |4 aut  |9 943631 
700 1 |a Ortman, Milan  |4 aut  |9 943528 
700 1 |a Kirchner, Jaroslav  |4 aut  |9 888040 
700 1 |a Kršek, Pavel  |4 aut  |9 5925 
773 0 |t Šport  |g Roč. 46, č. 241 (12. 10. 1992), s. 1 a 8 
850 |a Slovenská národná knižnica v Martine  |a MTA001 
852 |a SNK  |b KIS3GCP 
958 |a RK 
992 |a RBX 
999 |c 1561887  |d 1563817